<?xml version="1.0" encoding="UTF-8"?>
<record
    xmlns:xsi="http://www.w3.org/2001/XMLSchema-instance"
    xsi:schemaLocation="http://www.loc.gov/MARC21/slim http://www.loc.gov/standards/marcxml/schema/MARC21slim.xsd"
    xmlns="http://www.loc.gov/MARC21/slim">

  <leader>01405nam a2200349 a 4500</leader>
  <controlfield tag="001">0000395</controlfield>
  <controlfield tag="003">DO-SdBPM</controlfield>
  <controlfield tag="005">20250701130830.0</controlfield>
  <controlfield tag="007">0000395</controlfield>
  <controlfield tag="008">091125s2000  mx         000 0 spa d</controlfield>
  <datafield tag="020" ind1=" " ind2=" ">
    <subfield code="a">9701030575</subfield>
  </datafield>
  <datafield tag="040" ind1=" " ind2=" ">
    <subfield code="a">DO-SdBPM</subfield>
    <subfield code="b">spa</subfield>
    <subfield code="c">BPMSU</subfield>
  </datafield>
  <datafield tag="082" ind1=" " ind2="4">
    <subfield code="a">373.53</subfield>
    <subfield code="b">R696f 2001</subfield>
    <subfield code="2">22</subfield>
  </datafield>
  <datafield tag="100" ind1="1" ind2=" ">
    <subfield code="a">Rodr&#xED;guez H., Arismendy</subfield>
  </datafield>
  <datafield tag="245" ind1=" " ind2="0">
    <subfield code="a">F&#xED;sica 1 :</subfield>
    <subfield code="b">[educaci&#xF3;n media] /</subfield>
    <subfield code="c">Arismendy Rodr&#xED;guez H. ; revisi&#xF3;n t&#xE9;cnica  Manuel E. Pimentel, V&#xED;ctor Eugenio Caro Mart&#xED;n. </subfield>
  </datafield>
  <datafield tag="250" ind1=" " ind2=" ">
    <subfield code="a">2a ed. </subfield>
  </datafield>
  <datafield tag="260" ind1=" " ind2=" ">
    <subfield code="a">Maxico :</subfield>
    <subfield code="b">McGraw-Hill,</subfield>
    <subfield code="c">2001.</subfield>
  </datafield>
  <datafield tag="300" ind1=" " ind2=" ">
    <subfield code="a">345 p. :</subfield>
    <subfield code="b">il. ;</subfield>
    <subfield code="c">27 cm.</subfield>
  </datafield>
  <datafield tag="490" ind1="0" ind2=" ">
    <subfield code="a">La ciencia  en tu vida </subfield>
  </datafield>
  <datafield tag="504" ind1=" " ind2=" ">
    <subfield code="a">Bibliograf&#xED;a p. [346] </subfield>
  </datafield>
  <datafield tag="505" ind1="0" ind2=" ">
    <subfield code="t">La f&#xED;sica, generalidades --</subfield>
    <subfield code="t">Magnitudes y medidas --</subfield>
    <subfield code="t">Fuerza y movimiento --</subfield>
    <subfield code="t">Trabajo y energ&#xED;a --</subfield>
    <subfield code="t"> Teor&#xED;a cin&#xE9;tica de la materia --</subfield>
    <subfield code="t">Ondas electromagn&#xE9;ticas  --</subfield>
    <subfield code="t">Electricidad y magnetismo --</subfield>
    <subfield code="t">&#xD3;ptica.</subfield>
  </datafield>
  <datafield tag="590" ind1=" " ind2=" ">
    <subfield code="a">Inventariado, 2025/VM</subfield>
  </datafield>
  <datafield tag="650" ind1=" " ind2="4">
    <subfield code="a">F&#xED;sica</subfield>
    <subfield code="x">Ense&#xF1;anza secundaria </subfield>
  </datafield>
  <datafield tag="650" ind1=" " ind2="4">
    <subfield code="a">F&#xED;sica </subfield>
    <subfield code="x">Educaci&#xF3;n secundaria </subfield>
  </datafield>
  <datafield tag="650" ind1=" " ind2="4">
    <subfield code="a">Educaci&#xF3;n secundaria </subfield>
    <subfield code="z">Rep&#xFA;blica Dominicana </subfield>
  </datafield>
  <datafield tag="650" ind1=" " ind2="4">
    <subfield code="a">F&#xED;sica </subfield>
    <subfield code="x">Estudios y ejercicios </subfield>
  </datafield>
  <datafield tag="700" ind1="1" ind2=" ">
    <subfield code="a">Pimente, Manuel E. </subfield>
    <subfield code="e">rev. tec.</subfield>
  </datafield>
  <datafield tag="700" ind1="1" ind2=" ">
    <subfield code="d">Caro Mart&#xED;n, V&#xED;ctor Eugenio,</subfield>
    <subfield code="e">rev. tec.</subfield>
  </datafield>
  <datafield tag="710" ind1="2" ind2=" ">
    <subfield code="a">Rep&#xFA;blica Dominicana.</subfield>
    <subfield code="b">Secretaria de Estado de  Educaci&#xF3;n.</subfield>
  </datafield>
  <datafield tag="910" ind1=" " ind2=" ">
    <subfield code="a">VMateo V. Control de calidad. BPMSU </subfield>
  </datafield>
  <datafield tag="942" ind1=" " ind2=" ">
    <subfield code="2">ddc</subfield>
    <subfield code="c">BK</subfield>
  </datafield>
  <datafield tag="952" ind1=" " ind2=" ">
    <subfield code="0">0</subfield>
    <subfield code="1">0</subfield>
    <subfield code="2">ddc</subfield>
    <subfield code="4">0</subfield>
    <subfield code="7">0</subfield>
    <subfield code="8">CG</subfield>
    <subfield code="a">BPMET</subfield>
    <subfield code="b">BPMET</subfield>
    <subfield code="d">2017-11-29</subfield>
    <subfield code="e">FUNDI</subfield>
    <subfield code="l">0</subfield>
    <subfield code="o">BPMSU CD 373.53 R696f 2001</subfield>
    <subfield code="p">BPMSU17110534</subfield>
    <subfield code="r">2017-11-29</subfield>
    <subfield code="w">2017-11-29</subfield>
    <subfield code="y">BK</subfield>
  </datafield>
  <datafield tag="999" ind1=" " ind2=" ">
    <subfield code="c">13213</subfield>
    <subfield code="d">13213</subfield>
  </datafield>
</record>
